Grösste Schweizer Gemeinden ohne Bahnhof - Statistiken

Allgemein
  • Dieses Quiz wurde 12 mal gespielt
  • Das Durchschnittsergebnis liegt bei 3 aus 12
Antwortstatistiken
Kanton Einwohnerzahl Antwort % Korrekt
ZG 9243 Unterägeri
58%
VS 10'484 Naters
42%
ZH 19'412 Volketswil
42%
VS 10'271 Crans-Montana
25%
SG 9996 Eschenbach
25%
ZH 10'336 Gossau
25%
SO 9331 Zuchwil
17%
ZH 9461 Fällanden
8%
VD 9291 Le-Mont-sur-Lausanne
8%
GE 11'901 Veyrier
8%
SG 10'178 Widnau
8%
BE 9348 Wohlen bei Bern
0%
Keine übereinstimmenden Quizze gefunden
Verteilung der Resultate
Anzahl Personen mit jedem Resultat
Perzentil nach korrekt beantworteten Fragen
Ihre Resultats-Entwicklung
Sie haben dieses Quiz noch nicht gespielt